| 000 | 00955nam a2200229 a 4500 | ||
|---|---|---|---|
| 001 | 44098 | ||
| 003 | BD-RjUL | ||
| 005 | 20211209053811.0 | ||
| 008 | 160713s1980 ii ||||| |||| 00| 0 ben d | ||
| 020 | _c: Tk.18.00 | ||
| 035 | _a(BD-RjUL)44216 | ||
| 040 |
_aBD-RjUL _bben _cBD-RjUL _dBD-RjUL |
||
| 041 | _aben | ||
| 082 |
_223 _a891.4409 _bMOC 1980 |
||
| 100 |
_aমজুমদার, আদিত্যপ্রসাদ _9135417 |
||
| 245 | 1 | 0 |
_aচিন্তানায়ক রবীন্দ্রনাথ ও বিবেকানন্দ / _cআদিত্য মজুমদার |
| 260 |
_aকলকাতা : _bশ্রীভূমি পাবলিশিং কো., _c১৯৮০ |
||
| 300 |
_a২৫৪ পৃ. ; _c২৫ সেমি. |
||
| 650 |
_aবাংলা সাহিত্য _xইতিহাস ও সমালোচনা _9135418 |
||
| 650 |
_aBangla Literature _vHistory and Criticism _9135419 |
||
| 942 |
_2ddc _cBK |
||
| 999 |
_c44098 _d44098 |
||